Směnka jako platební prostředek. 1.

Zmenka a jej výhody. Platobný styk prostredníctvom zmeniek. Vzťah veriteľ - dlžník. Odkúpenie zmeniek bankou (eskont). Osoby pracujúce so zmenkami - akceptant, aval, dlžník zmenečný, indosant, remitent atď. Základné druhy zmeniek. Zmenky v obchodných transakciách - obchodné a finančné zmenky. Obsah...

ver descrição completa

Na minha lista:
Detalhes bibliográficos
Autor principal: Žemlička, J.
Formato: Capítulo de Livro
Idioma:tcheco
Assuntos:
Tags: Adicionar Tag
Sem tags, seja o primeiro a adicionar uma tag!

MARC

LEADER 00000naa a2200000 4500
001 r012293
005 20220826093827.8
041 0 |a cze 
044 |a CZ 
245 1 0 |a Směnka jako platební prostředek. 1.  |c J. Žemlička 
520 |a Zmenka a jej výhody. Platobný styk prostredníctvom zmeniek. Vzťah veriteľ - dlžník. Odkúpenie zmeniek bankou (eskont). Osoby pracujúce so zmenkami - akceptant, aval, dlžník zmenečný, indosant, remitent atď. Základné druhy zmeniek. Zmenky v obchodných transakciách - obchodné a finančné zmenky. Obsah zmenky - zmenka vlastná, zmenka cudzia. Terminológia používaná v zmenečnom riadení. 
610 2 0 |a zmenky 
610 2 0 |a styk platobný 
610 2 0 |a terminológia 
100 1 |a Žemlička, J.